Kauimpana mereltä sijaitsevat Euroopan pääkaupungit - Statistics

Yleistilastot
  • Tätä visaa on pelattu 812 kertaa
  • Keskiarvotulos 8 / 10
Vastaustilastot
km Pääkaupunki % Oikein
635 Moskova
89%
342 Wien
87%
391 Praha
83%
298 Bern
80%
417 Kiova
78%
371 Bratislava
75%
418 Budapest
75%
415 Minsk
75%
307 Madrid
62%
293 Belgrad
49%
Ehtoja vastaavia visoja ei löytynyt
Tulosjakauma
Jokaisen tuloksen saaneiden osuus
Persentiili vastausten määrän mukaan
Tuloshistoriasi
Et ole pelannut tätä visaa